|
|
|
|
| LEADER |
00000cam a2200000 a 4500 |
| 001 |
UCD7950 |
| 003 |
CL-VaPUC |
| 008 |
170422e20070000cl |||||||||||||||||spa|d |
| 082 |
0 |
4 |
|a 686.225
|b OSS
|2 21
|
| 100 |
|
|
|a Osses Flores, Roberto
|e autor
|9 595528
|
| 245 |
1 |
0 |
|a Esos tipos de la UTEM: catálogo de especímenes. Curso de diseño de fuentes digitales
|
| 250 |
|
|
|a 1a. ed
|
| 300 |
|
|
|a v
|
| 942 |
|
|
|c BK
|
| 945 |
|
|
|d 20170422 00:05:00
|a dcastane
|
| 260 |
|
|
|a Santiago
|b UTEM
|c 2007
|
| 500 |
|
|
|a v.1: primer semestre 2007
|
| 500 |
|
|
|a v.2: segundo semestre 2007
|
| 650 |
|
0 |
|a Tipografía
|9 266998
|
| 650 |
|
0 |
|a Letras
|9 352290
|
| 650 |
|
7 |
|a COMPOSICION TIPOGRAFICA
|2 CL-VaPUC
|9 266378
|
| 583 |
|
|
|a last modification
|c 20170422 00:05:00
|k Rodrigo Vera
|
| 999 |
|
|
|c 367768
|d 367766
|
| 952 |
|
|
|0 0
|1 0
|3 erb
|4 0
|6 686_225000000000000_OSS_2007
|7 0
|8 A
|9 482844
|a BIBARQ
|b BIBARQ
|h v.1
|i 537300K
|o 686.225 OSS 2007
|p 537300K
|r 2025-01-20
|w 2019-11-24
|y BK
|z Catalogado en:20170422
|k ARQ
|
| 952 |
|
|
|0 0
|1 0
|3 erb
|4 0
|6 686_225000000000000_OSS_2007
|7 0
|8 A
|9 482845
|a BIBARQ
|b BIBARQ
|h v.2
|i 5373018
|o 686.225 OSS 2007
|p 5373018
|r 2025-01-20
|w 2019-11-24
|y BK
|z Catalogado en:20170422
|k ARQ
|